簡易保険の加入者福祉施設がある自治体(2003年) - Statistics

General Stats
  • This quiz has been taken 12 times
  • The average score is 13 of 107
Answer Stats
都道府県 施設名 分類 所在地 % Correct
北海道 小樽 簡易保険加入者ホーム 小樽市 朝里川温泉2丁目670番地
60%
網走 簡易保険保養センター 網走市 字呼人156ー5
60%
十勝川 河東郡音更町 十勝川温泉北9丁目1
40%
長崎 島原 島原市 白山町8362ー3
40%
層雲峡 上川郡上川町 254ー1
30%
大沼 亀田郡七飯町 字西大沼66ー4
20%
札幌 簡易保険総合健診センター 札幌市北区 北7条西5丁目13ー2
20%
岩手 盛岡 盛岡市 猪去上猪去1ー1
20%
いわき いわき市 平藤間字柴崎60
20%
群馬 草津 吾妻郡草津町 大字草津464-1051
20%
ラフレさいたま 総合健康増進センター さいたま市中央区 新都心3番地2
20%
東京 青梅 簡易保険保養センター 青梅市 駒木町3-668-2
20%
東京会館 東京簡易保険会館(ゆうぽうと) 品川区 西五反田8-4-13
20%
簡易保険東京青少年レクセンター 世田谷区 鎌田2ー17ー1
20%
東京 簡易保険総合健診センター 豊島区 東池袋4-7-7
20%
神奈川 箱根 簡易保険保養センター 足柄下郡箱根町 元箱根159
20%
静岡 熱海(本館) 簡易保険加入者ホーム 熱海市 水口町2ー12ー3
20%
熱海(別館) 熱海市 水口町2ー13ー77
20%
滋賀 彦根 簡易保険保養センター 彦根市 松原町3759
20%
有馬 神戸市北区 有馬町1617ー1
20%
湯田 山口市 神田町1ー42
20%
徳島 徳島 徳島市 八万町中津山3-70
20%
佐賀 武雄 武雄市 永島16243
20%
洞爺 虻田郡虻田町 字洞爺湖温泉町82
10%
青森 碇ヶ関 簡易保険保養センター 南津軽郡碇ヶ関村 三笠山100ー1
10%
十和田 上北郡十和田湖町 大字法量字焼山36ー20
10%
一関 一関市 厳美町字宝竜147ー5
10%
秋田 男鹿 男鹿市 船川港台島字鵜ノ崎62ー2
10%
横手 横手市 睦成字城付1ー20
10%
宮城 白石 簡易保険加入者ホーム 白石市 福岡蔵本字薬師堂28-2
10%
山形 米沢 米沢市 大字関白布温泉
10%
酒田 簡易保険総合レクセンター 酒田市 飯森山3丁目17ー26
10%
福島 郡山 簡易保険保養センター 郡山市 熱海町熱海3ー198
10%
宮城 仙台 簡易保険総合健診センター 仙台市青葉区 上杉3ー2ー7
10%
茨城 大洗 簡易保険保養センター 東茨城郡大洗町 磯浜町7986-2
10%
栃木 塩原 那須郡塩原町 下塩原1256
10%
栃木喜連川温泉 塩谷郡喜連川町 大字喜連川5296ー1
10%
磯部 安中市 郷原22
10%
埼玉 寄居 大里郡寄居町 末野2267
10%
千葉 鴨川 簡易保険加入者ホーム 鴨川市 西町1137
10%
簡易保険保養センター 旭市 仁玉2280-1
10%
勝浦 勝浦市 鵜原2183-5
10%
カーサ・デ・かんぽ浦安 簡易保険加入者ホーム 浦安市 日の出6
10%
山梨 石和 東八代郡石和町 松本348
10%
山中湖 南都留郡山中湖村 山中1072-5
10%
新潟 柏崎 簡易保険加入者ホーム 柏崎市 寿町2-15
10%
佐渡 簡易保険保養センター 両津市 原黒722ー7
10%
妙高高原 中頸城郡妙高高原町 関川2251-2
10%
諏訪 諏訪市 大和2-15-16
10%
石川 山代 加賀市 山代温泉温泉通り32-1
10%
福井 福井 簡易保険保養センター 福井市 渕町43ー17
10%
修善寺 田方郡修善寺町 熊坂1257ー4
10%
伊豆高原 簡易保険保養センター 伊東市 八幡野1104ー5
10%
焼津 焼津市 浜当目1375-2
10%
浜名湖三ヶ日 引佐郡三ヶ日町 都筑2977ー2
10%
愛知 三ヶ根 幡豆郡幡豆町 東幡豆字入会山1ー221
10%
知多美浜 知多郡美浜町 奥田砂原39
10%
岐阜羽島 羽島市 桑原町午南1041
10%
三重 熊野 熊野市 井戸町1020-7
10%
鳥羽 鳥羽市 安楽島町1200-7
10%
愛知 名古屋 簡易保険総合健診センター 名古屋市東区 橦木町1ー21
10%
京都 舞鶴 舞鶴市 上安224ー5
10%
大阪 能勢 豊能郡能勢町 山辺409ー81
10%
富田林 富田林市 龍泉880ー1
10%
奈良 大和平群 簡易保険加入者ホーム 生駒郡平群町 上庄2ー16ー1
10%
奈良 簡易保険保養センター 奈良市 二条町3ー9ー1
10%
和歌山 白浜 簡易保険加入者ホーム 西牟婁郡白浜町 1688ー2
10%
紀伊田辺 簡易保険保養センター 田辺市 目良24番1号
10%
兵庫 但馬海岸豊岡 豊岡市 小島1188ー8
10%
赤穂 赤穂市 御崎883-1
10%
淡路島 津名郡北淡町 富島824
10%
大阪 大阪 簡易保険総合健診センター 大阪市浪速区 元町2丁目4番26号
10%
鳥取 皆生 簡易保険加入者ホーム 米子市 皆生新田3-1-7
10%
岩井 簡易保険保養センター 岩美郡岩美町 岩井351
10%
島根 三瓶 大田市 三瓶町志学2078-2
10%
広島 庄原 簡易保険総合レクセンター 庄原市 新庄町281番地の1
10%
竹原 簡易保険保養センター 竹原市 西野町442ー2
10%
山口 光市 室積東之庄31ー1
10%
広島 広島 簡易保険総合健診センター 広島市西区 上天満町10ー47
10%
香川 観音寺 簡易保険加入者ホーム 観音寺市 池之尻町1101-4
10%
坂出 簡易保険保養センター 坂出市 高屋町2048-91
10%
阿波池田 三好郡池田町 白地字本名165-6
10%
愛媛 道後 簡易保険加入者ホーム 松山市 溝辺町3ー1
10%
高知 伊野 吾川郡伊野町 1569
10%
土佐中村 中村市 安並4026
10%
福岡 北九州 北九州市若松区 大字有毛2829
10%
柳川 柳川市 弥四郎町10ー1
10%
大分 別府 簡易保険加入者ホーム 別府市 大字鶴見457(火売4-1)
10%
宇佐 簡易保険総合レクセンター 宇佐市 大字川部1571-1
10%
日田 簡易保険保養センター 日田市 中ノ島町685-6
10%
熊本 山鹿 山鹿市 大字志々岐2450
10%
阿蘇 阿蘇郡一の宮町 宮地5936
10%
宮崎 日向 日向市 日知屋1382-20
10%
日南 日南市 大字星倉2228番1
10%
鹿児島 指宿 指宿市 西方4507
10%
沖縄 那覇 簡易保険レクセンター 那覇市 港町2ー9ー15
10%
松島 簡易保険保養センター 桃生郡鳴瀬町 野蒜字南赤崎89ー53
0%
潮来 潮来市 水原1830-1
0%
長野 鹿教湯 小県郡丸子町 西内1160
0%
富山 富山 婦負郡婦中町 羽根5691-2
0%
越中庄川峡 東礪波郡利賀村 下原218
0%
白山尾口 簡易保険総合レクセンター 石川郡尾口村 字瀬戸卯43-3
0%
岐阜 恵那 恵那市 大井町2709
0%
岡山 美作湯郷 英田郡美作町 中山674ー7
0%
遙照山 浅口郡鴨方町 益坂1866-4
0%
安芸能美 佐伯郡能美町 中町4573ー2
0%
伊予肱川 簡易保険保養センター 喜多郡肱川町 大字山鳥坂241
0%
No matching quizzes found
Score Distribution
Percent of People with Each Score
Percentile by Number Answered
Your Score History
You have not taken this quiz